[Event "EYb16, Budva YUG"]
[Site "?"]
[Date "2003.??.??"]
[Round "5"]
[White "Vranes, D."]
[Black "Huang, H."]
[Result "0-1"]
[WhiteElo "2040"]
[BlackElo "2080"]
[PlyCount "84"]
[EventDate "2003.??.??"]

1. e4 e6 2. d3 d5 3. Nd2 c5 4. Ngf3 Nc6 5. g3 g6 6. Bg2 Bg7 7. O-O Nge7 8. Re1
O-O 9. Qe2 a5 10. e5 f5 11. Nf1 b5 12. c3 Qb6 13. Bf4 h6 14. h4 a4 15. Qd2 Kh7
16. N1h2 Bd7 17. g4 a3 18. gxf5 gxf5 19. b4 cxb4 20. cxb4 Ra4 21. Rab1 d4 22.
Rb3 Nd5 23. Reb1 Nce7 24. h5 Be8 25. Nf1 Bxh5 26. Ng3 Bxf3 27. Bxf3 Nxf4 28.
Qxf4 Ng6 29. Qc1 Nxe5 30. Bg2 Qa7 31. Nh5 Qf7 32. Nf4 Ng4 33. Rxa3 Rxa3 34.
Qxa3 e5 35. Nh3 f4 36. Be4+ Kh8 37. Qa6 Nf6 38. Qc6 Qxa2 39. Rc1 Qe2 40. Rc2
Qd1+ 41. Kg2 Nxe4 42. dxe4 Qg4+ 0-1

[Event "EYb16, Budva YUG"]
[Site "?"]
[Date "2003.??.??"]
[Round "5"]
[White "Rodic, Do"]
[Black "Dimovski, Ne"]
[Result "0-1"]
[WhiteElo "2100"]
[BlackElo "2100"]
[PlyCount "82"]
[EventDate "2003.??.??"]

1. d4 Nf6 2. c4 g6 3. Nc3 Bg7 4. e4 d6 5. f3 O-O 6. Bg5 Nc6 7. d5 Ne5 8. Qd2 c6
9. f4 Ned7 10. Nf3 cxd5 11. exd5 Nc5 12. Bh4 Nfe4 13. Nxe4 Nxe4 14. Qb4 a5 15.
Qa3 a4 16. O-O-O Qb6 17. Bd3 Nc5 18. Bc2 Bg4 19. Rhf1 Rfc8 20. Kb1 Qa6 21. Qb4
a3 22. b3 Rcb8 23. h3 Bd7 24. Nd4 b5 25. cxb5 Bxb5 26. Nxb5 Rxb5 27. Qc4 Qb7
28. Kc1 Rb4 29. Qe2 Rc8 30. Kd2 Qxd5+ 31. Ke1 Bc3+ 32. Kf2 Rxf4+ 33. Kg3 Ne4+
34. Kh2 Qe5 35. Rxf4 Qxf4+ 36. g3 Qf2+ 37. Qxf2 Nxf2 38. Rf1 Bd4 39. Bb1 Rc3
40. Kg2 f6 41. g4 Nxh3 0-1

[Event "EYb16, Budva YUG"]
[Site "?"]
[Date "2003.??.??"]
[Round "5"]
[White "Mikkelsen, N."]
[Black "Ravic, N."]
[Result "1-0"]
[WhiteElo "2100"]
[BlackElo "2085"]
[PlyCount "67"]
[EventDate "2003.??.??"]

1. e4 c5 2. Nf3 d6 3. d4 cxd4 4. Nxd4 Nf6 5. Nc3 a6 6. Bg5 e6 7. f4 Be7 8. Qf3
Qc7 9. O-O-O Nbd7 10. g4 b5 11. Bxf6 Nxf6 12. g5 Nd7 13. f5 Nc5 14. f6 gxf6 15.
gxf6 Bf8 16. Rg1 b4 17. Nd5 exd5 18. exd5 Bd7 19. Re1+ Kd8 20. Rg7 b3 21. a3
Qa5 22. c3 Ra7 23. Bh3 Qb6 24. Rxf7 Bh6+ 25. Kb1 Re8 26. Ree7 Rg8 27. Qf2 Bf8
28. Bxd7 Rxd7 29. Ne6+ Kc8 30. Re8+ Kb7 31. Nxc5+ Qxc5 32. Rxd7+ Kb6 33. Rxd6+
Bxd6 34. Qxc5+ 1-0

[Event "EYb16, Budva YUG"]
[Site "?"]
[Date "2003.??.??"]
[Round "5"]
[White "Bove, A."]
[Black "Ragger, M."]
[Result "0-1"]
[WhiteElo "2125"]
[BlackElo "2345"]
[PlyCount "88"]
[EventDate "2003.??.??"]

1. e4 e5 2. f4 exf4 3. d4 Qh4+ 4. Ke2 d5 5. Nf3 Bg4 6. exd5 Nf6 7. c4 Be7 8.
Qe1 Qh5 9. Kf2 O-O 10. Qe5 Bxf3 11. gxf3 Qh4+ 12. Kg2 Ng4 13. Qe2 Nh6 14. Rg1
Nd7 15. Nc3 Rae8 16. Qf2 Qh5 17. Bxf4 Bh4 18. Bg3 Nf5 19. Ne4 Nxg3 20. hxg3 Qg6
21. Rh1 Be7 22. Bd3 f5 23. Nc3 h5 24. Nb5 Bd8 25. c5 Nf6 26. d6 Ne4 27. Bxe4
fxe4 28. f4 e3 29. Qf3 Qc2+ 30. Kh3 c6 31. Nc3 h4 32. Ne2 hxg3 33. Rag1 Re6 34.
Rxg3 Rff6 35. Kg2 Rxf4 36. Qxf4 Qxe2+ 37. Kg1 Qd1+ 38. Kg2 Qe2+ 39. Kg1 Rf6 40.
Rg2 Qd1+ 41. Kh2 Qxh1+ 42. Kxh1 Rxf4 43. Re2 Bg5 44. Kg2 Rf2+ 0-1

[Event "EYb16, Budva YUG"]
[Site "?"]
[Date "2003.??.??"]
[Round "5"]
[White "Dzhangobegov, V."]
[Black "Jurcik, Mari"]
[Result "0-1"]
[WhiteElo "2240"]
[BlackElo "2160"]
[PlyCount "88"]
[EventDate "2003.??.??"]

1. e4 c5 2. Nf3 d6 3. d4 cxd4 4. Nxd4 Nf6 5. Nc3 Nc6 6. Bc4 e5 7. Nde2 Be6 8.
Bd5 Bxd5 9. exd5 Nb8 10. O-O Be7 11. Ng3 O-O 12. Nf5 Ne8 13. Qg4 Kh8 14. f4 Nd7
15. Ne4 Ndf6 16. Nxf6 Bxf6 17. Be3 Qc8 18. c3 Qc4 19. Rad1 Qxa2 20. Rf3 Qc4 21.
Rh3 g6 22. Ng3 Ng7 23. Rh6 Qc8 24. f5 Nxf5 25. Nxf5 Bg7 26. Qh4 Qxf5 27. Rf1
Bxh6 28. Bxh6 g5 29. Bxg5 Qg6 30. Bf6+ Kg8 31. Rf3 Qb1+ 32. Rf1 Qg6 33. h3 h6
34. Rf3 Kh7 35. Rg3 Qb1+ 36. Kh2 Rg8 37. Qh5 Rg6 38. Bg5 Qf5 39. h4 e4 40. Rg4
Rag8 41. g3 Qf2+ 42. Kh1 Qf1+ 43. Kh2 Qe2+ 44. Kh3 f5 0-1

[Event "EYb16, Budva YUG"]
[Site "?"]
[Date "2003.??.??"]
[Round "5"]
[White "Miron, L."]
[Black "Gavariev, R."]
[Result "1/2-1/2"]
[WhiteElo "2175"]
[BlackElo "2255"]
[PlyCount "93"]
[EventDate "2003.??.??"]

1. d4 Nf6 2. c4 e6 3. Nc3 Bb4 4. a3 Bxc3+ 5. bxc3 c5 6. Nf3 d6 7. e3 O-O 8. Bd3
Nbd7 9. e4 e5 10. d5 Re8 11. g3 Nf8 12. Nh4 Ng6 13. Ng2 Bd7 14. f3 Qc7 15. Ne3
Rab8 16. Rb1 b6 17. Kf2 Rf8 18. Qc2 Rbe8 19. Nf5 Kh8 20. Be3 Bxf5 21. exf5 e4
22. Bxe4 Ne5 23. Bg5 Nxc4 24. Bxf6 gxf6 25. Qe2 Ne5 26. f4 Nd7 27. c4 Re7 28.
Qf3 Rfe8 29. Rhe1 Qc8 30. g4 Qa6 31. Qd3 Qa4 32. g5 fxg5 33. f6 Nxf6 34. Qc3
Kg7 35. fxg5 Rxe4 36. gxf6+ Kf8 37. Qd3 Rxe1 38. Rxe1 Rxe1 39. Kxe1 Qe8+ 40.
Kf1 Qe5 41. Qf3 h6 42. h4 Qd4 43. Qf5 Qxc4+ 44. Kg1 Qd4+ 45. Kf1 Qd1+ 46. Kf2
Qd4+ 47. Kf1 1/2-1/2

[Event "EYb16, Budva YUG"]
[Site "?"]
[Date "2003.??.??"]
[Round "6"]
[White "Jurcik, Mari"]
[Black "Valeanu, E."]
[Result "1/2-1/2"]
[WhiteElo "2160"]
[BlackElo "2220"]
[PlyCount "94"]
[EventDate "2003.??.??"]

1. e4 c5 2. Nf3 d6 3. d4 Nf6 4. Nc3 cxd4 5. Nxd4 a6 6. h3 g6 7. Be3 Bg7 8. g4
b5 9. Bg2 Bb7 10. Qe2 O-O 11. Nd5 Nxd5 12. exd5 e6 13. O-O-O Bxd5 14. Bxd5 exd5
15. Qf3 Nd7 16. Qxd5 Nb6 17. Qf3 Nc4 18. Kb1 Rc8 19. Bc1 Qb6 20. Qd3 b4 21. f4
a5 22. h4 a4 23. h5 Na3+ 24. bxa3 bxa3+ 25. Qb5 Qa7 26. Qd3 Qb6+ 27. Qb5 Qc7
28. Qd3 Rb8+ 29. Ka1 Rb4 30. c3 Rc4 31. Bd2 Rc8 32. Rb1 Qc5 33. Rb5 Qa7 34. Ne2
Qa8 35. Rhb1 Qg2 36. Rb8 d5 37. Qxc4 dxc4 38. Rxc8+ Bf8 39. Rbb8 Qxe2 40. Rxf8+
Kg7 41. Rg8+ Kf6 42. Rb6+ Ke7 43. Bc1 Qc2 44. Bxa3+ Kd7 45. Rb1 Qxc3+ 46. Bb2
Qf3 47. Be5 Qxg4 1/2-1/2

[Event "EYb16, Budva YUG"]
[Site "?"]
[Date "2003.??.??"]
[Round "6"]
[White "Zinchenko, Y."]
[Black "Mamedov, Rau"]
[Result "1/2-1/2"]
[WhiteElo "2320"]
[BlackElo "2405"]
[PlyCount "55"]
[EventDate "2003.??.??"]

1. e4 c5 2. c3 d6 3. d4 Nf6 4. Bd3 g6 5. Nf3 Bg7 6. h3 O-O 7. O-O Qc7 8. Be3 b6
9. Nbd2 Ba6 10. c4 cxd4 11. Nxd4 Nbd7 12. Rc1 Nc5 13. Bb1 Bb7 14. f3 e5 15. Nb5
Qe7 16. Nb3 Rad8 17. Qc2 Bc6 18. Nc3 Nxb3 19. axb3 Nh5 20. Qd2 Kh8 21. b4 f5
22. Bc2 h6 23. Nd5 Bxd5 24. Qxd5 Nf6 25. Qd2 f4 26. Bf2 g5 27. Qe2 h5 28. Rfe1
1/2-1/2

[Event "EYb16, Budva YUG"]
[Site "?"]
[Date "2003.??.??"]
[Round "6"]
[White "Moranda, W."]
[Black "Magalashvili, D."]
[Result "0-1"]
[WhiteElo "2355"]
[BlackElo "2250"]
[PlyCount "100"]
[EventDate "2003.??.??"]

1. e4 c5 2. Nc3 d6 3. f4 Nc6 4. Nf3 g6 5. Bb5 Bg7 6. O-O Bd7 7. d3 Nf6 8. Kh1
O-O 9. Bd2 a6 10. Bxc6 Bxc6 11. Qe1 Qd7 12. Qh4 Qg4 13. Qf2 b5 14. Rae1 b4 15.
h3 Qc8 16. Nd1 a5 17. Qh4 c4 18. e5 Bxf3 19. Rxf3 Nd5 20. f5 dxe5 21. dxc4 Bf6
22. Qe4 Nb6 23. b3 Nd7 24. Be3 Bg7 25. Nf2 gxf5 26. Rxf5 e6 27. Rg5 f5 28. Qh4
Rf7 29. Nd3 Kh8 30. Rh5 Bf6 31. Bg5 Bxg5 32. Rxg5 e4 33. Nf4 Ne5 34. Qh6 Ra6
35. Rd1 Qf8 36. Qh4 Rd6 37. Rxd6 Qxd6 38. Qg3 Rf8 39. Nh5 Qd1+ 40. Kh2 Nf7 41.
Rxf5 Rg8 42. Qh4 Qd6+ 43. Rf4 Ng5 44. Qf2 Qe5 45. h4 Nf7 46. Qe2 Nh6 47. Kg1 e3
48. c5 Ng4 49. Rxg4 Rxg4 50. Qf3 e2 0-1

[Event "EYb16, Budva YUG"]
[Site "?"]
[Date "2003.??.??"]
[Round "6"]
[White "Ragger, M."]
[Black "Kaplan, S."]
[Result "0-1"]
[WhiteElo "2345"]
[BlackElo "2205"]
[PlyCount "92"]
[EventDate "2003.??.??"]

1. e4 e5 2. Nf3 Nc6 3. d4 exd4 4. Nxd4 g6 5. Nxc6 bxc6 6. Bd3 Bg7 7. O-O Ne7 8.
Nd2 O-O 9. c3 d6 10. Nf3 c5 11. Be3 Nc6 12. Rb1 Be6 13. Qa4 Bd7 14. Bb5 Qe8 15.
Qc2 Ne5 16. Be2 Nxf3+ 17. Bxf3 Bc6 18. Rfe1 Qe5 19. Qd2 Rfe8 20. Bf4 Qe6 21. b3
a5 22. Rbc1 c4 23. bxc4 Qxc4 24. Qe2 Qxe2 25. Rxe2 Rab8 26. c4 Bd4 27. Be3 Bb2
28. Rb1 Bg7 29. Ree1 Rxb1 30. Rxb1 Bxe4 31. Bxe4 Rxe4 32. Rb8+ Bf8 33. g3 Kg7
34. Rb5 Rxc4 35. Rxa5 c5 36. Kf1 d5 37. Ke2 d4 38. Bd2 Rc2 39. Kd3 Rb2 40. Ra4
Kf6 41. Bf4 Rxf2 42. Ra8 Be7 43. Ra6+ Kf5 44. Ra7 Ke6 45. h3 g5 46. Bb8 Rb2 0-1

[Event "EYb16, Budva YUG"]
[Site "?"]
[Date "2003.??.??"]
[Round "6"]
[White "Romanov, E."]
[Black "Pokazanjev, N."]
[Result "1-0"]
[WhiteElo "2405"]
[BlackElo "2380"]
[PlyCount "75"]
[EventDate "2003.??.??"]

1. e4 e5 2. Nf3 Nc6 3. Bb5 a6 4. Ba4 Nf6 5. O-O Be7 6. Re1 b5 7. Bb3 O-O 8. a4
Bb7 9. d3 d6 10. c3 Na5 11. Ba2 c5 12. Na3 Qd7 13. axb5 axb5 14. Bd2 c4 15. Bg5
cxd3 16. Qxd3 Bc6 17. Nc2 Nb7 18. b4 Ra4 19. Bxf6 Bxf6 20. Bb3 Rxa1 21. Rxa1
Nd8 22. Ne3 Ne6 23. g3 g6 24. Bd5 Ng5 25. Nd2 Bxd5 26. Nxd5 Bd8 27. h4 Ne6 28.
Ra6 Kh8 29. Qe3 Nc7 30. Ra7 Qc6 31. Qh6 Rg8 32. Nf3 Rg7 33. Ng5 Bxg5 34. Rxc7
Qxc7 35. Qxg7+ Kxg7 36. Nxc7 Bd2 37. Nxb5 f5 38. Kf1 1-0

[Event "EYb16, Budva YUG"]
[Site "?"]
[Date "2003.??.??"]
[Round "6"]
[White "Ris, R."]
[Black "Lenic, L."]
[Result "0-1"]
[WhiteElo "2205"]
[BlackElo "2385"]
[PlyCount "118"]
[EventDate "2003.??.??"]

1. e4 c5 2. Nf3 Nc6 3. d4 cxd4 4. Nxd4 e5 5. Nb5 d6 6. N1c3 a6 7. Na3 Be6 8.
Nc4 b5 9. Ne3 Be7 10. g3 Nf6 11. Bg2 O-O 12. O-O Rc8 13. Ncd5 Na5 14. c3 Nc4
15. Nxf6+ Bxf6 16. Re1 Bg5 17. Nxc4 Bxc1 18. Rxc1 Bxc4 19. Qd2 Qb6 20. b3 Be6
21. Re3 Rfd8 22. Rd3 h6 23. Rd1 Rc6 24. h3 a5 25. Bf1 Qc5 26. c4 b4 27. Qe3
Qxe3 28. Rxe3 Kf8 29. Be2 a4 30. f4 Ke7 31. f5 Bd7 32. Red3 Be8 33. Rd5 Rcc8
34. Bf3 Bc6 35. R5d3 Ra8 36. Kf2 axb3 37. axb3 Ra2+ 38. Ke3 Rb2 39. Ra1 Ra8 40.
Rxa8 Bxa8 41. h4 Bc6 42. Bh1 Rb1 43. Bf3 Re1+ 44. Kf2 Rb1 45. Ke3 g6 46. f6+
Kd7 47. c5 Bb5 48. Rxd6+ Kc7 49. Bd1 Rc1 50. Rd5 Bc6 51. Rd2 Rc3+ 52. Rd3 Rxc5
53. Kd2 Bxe4 54. Re3 Bc6 55. Be2 Kd6 56. g4 e4 57. Bf1 Ke5 58. g5 hxg5 59. hxg5
Kf4 0-1

[Event "EYb16, Budva YUG"]
[Site "?"]
[Date "2003.??.??"]
[Round "6"]
[White "Malinovsky, K."]
[Black "Ponkratov, P."]
[Result "0-1"]
[WhiteElo "2215"]
[BlackElo "2295"]
[PlyCount "60"]
[EventDate "2003.??.??"]

1. e4 e5 2. Nf3 Nc6 3. Bb5 f5 4. Nc3 Nf6 5. exf5 e4 6. Ng5 d5 7. d3 h6 8. Ne6
Bxe6 9. fxe6 Qd6 10. dxe4 Qxe6 11. O-O dxe4 12. Bf4 Bd6 13. Bxd6 cxd6 14. f3 d5
15. fxe4 dxe4 16. Ba4 Qe5 17. Qe2 O-O 18. Rad1 Kh8 19. Bxc6 bxc6 20. Rde1 Rfe8
21. Qe3 Rab8 22. b3 Ng4 23. Qg3 Qd4+ 24. Kh1 e3 25. Ne2 Nf2+ 26. Kg1 Qc5 27.
Nf4 Rbd8 28. Re2 Re4 29. Nh3 Rg4 30. Qf3 Rf8 0-1

[Event "EYb16, Budva YUG"]
[Site "?"]
[Date "2003.??.??"]
[Round "6"]
[White "Vicol, D."]
[Black "Miron, L."]
[Result "0-1"]
[WhiteElo "2190"]
[BlackElo "2175"]
[PlyCount "156"]
[EventDate "2003.??.??"]

1. e4 c5 2. Nf3 d6 3. d4 cxd4 4. Nxd4 Nf6 5. Nc3 a6 6. Be2 e5 7. Nb3 Be7 8. O-O
O-O 9. Kh1 Be6 10. a4 Nbd7 11. Be3 Rc8 12. Qd2 Re8 13. Rfd1 Bf8 14. h3 Nb6 15.
a5 Nc4 16. Bxc4 Rxc4 17. f3 Qc8 18. Qf2 Rd8 19. Bg5 Be7 20. Bxf6 Bxf6 21. Rd2
Bg5 22. Re2 Rb4 23. h4 Bh6 24. Ra4 Qc4 25. Rxb4 Qxb4 26. Qb6 Qxb6 27. axb6 Bc4
28. Re1 Bxb3 29. cxb3 Bd2 30. Ra1 Bxc3 31. bxc3 Rc8 32. b4 Kf8 33. b5 axb5 34.
Ra7 Rb8 35. Ra5 Ke7 36. Rxb5 Ra8 37. Rb3 Kd7 38. Kh2 Kc6 39. Kg3 Ra2 40. h5 h6
41. Kh3 Ra6 42. g3 Rxb6 43. Ra3 Ra6 44. Rb3 b5 45. f4 Kc5 46. Kg4 Kc4 47. Rb4+
Kc5 48. fxe5 dxe5 49. Kf5 Rf6+ 50. Kxe5 Rf3 51. Rd4 Rxg3 52. Rd7 Rg5+ 53. Kf4
f6 54. Rc7+ Kd6 55. Rb7 Ke6 56. Ra7 Kd6 57. Rb7 Ke6 58. Ra7 Rxh5 59. Rxg7 Rc5
60. Rh7 h5 61. Rh8 Rxc3 62. Rxh5 Rb3 63. Rc5 Rb1 64. Rc6+ Kf7 65. Rb6 b4 66. e5
b3 67. Kf5 fxe5 68. Rb7+ Ke8 69. Ke6 Kd8 70. Rb4 b2 71. Rb3 Kc7 72. Rc3+ Kb6
73. Rc2 Kb5 74. Re2 Kc4 75. Kxe5 Kd3 76. Rh2 Re1+ 77. Kd5 b1=Q 78. Rh3+ Re3 0-1

[Event "EYb16, Budva YUG"]
[Site "?"]
[Date "2003.??.??"]
[Round "6"]
[White "Pavlik, G."]
[Black "Bove, A."]
[Result "1/2-1/2"]
[WhiteElo "2145"]
[BlackElo "2125"]
[PlyCount "47"]
[EventDate "2003.??.??"]

1. e4 e5 2. Nf3 Nc6 3. Bc4 Nf6 4. d3 Bc5 5. c3 d6 6. Bb3 Qe7 7. Nbd2 Ng4 8. O-O
g5 9. Nc4 f6 10. d4 Bb6 11. Nxb6 axb6 12. a3 h5 13. h4 Rh7 14. hxg5 Rg7 15. g6
Rxg6 16. Nh4 Rg7 17. f3 f5 18. fxg4 Qxh4 19. gxf5 Bd7 20. Qf3 O-O-O 21. d5 Na5
22. Ba2 Rg3 23. Qe2 Rdg8 24. Rf3 1/2-1/2

[Event "EYb16, Budva YUG"]
[Site "?"]
[Date "2003.??.??"]
[Round "6"]
[White "Zickus, S."]
[Black "Dzhangobegov, V."]
[Result "1-0"]
[WhiteElo "2140"]
[BlackElo "2240"]
[PlyCount "79"]
[EventDate "2003.??.??"]

1. Nf3 Nf6 2. c4 g6 3. Nc3 Bg7 4. g3 O-O 5. Bg2 d6 6. d3 e5 7. O-O Nc6 8. Rb1
a5 9. a3 h6 10. b4 axb4 11. axb4 Nh7 12. Nd5 f5 13. b5 Nd4 14. Nxd4 exd4 15.
Nf4 Qe8 16. e3 dxe3 17. Bxe3 Nf6 18. Re1 Kh7 19. Bd4 Qf7 20. Nd5 Nxd5 21. Bxd5
Qd7 22. Bxg7 Qxg7 23. Qf3 Ra3 24. Re2 b6 25. Kg2 Qd4 26. Re7+ Kh8 27. Rbe1 Rxd3
28. Qf4 Qxf4 29. gxf4 Rxd5 30. cxd5 Bb7 31. Rxc7 Bxd5+ 32. f3 Rf7 33. Rc3 Bb7
34. Re6 Kg7 35. Rxd6 g5 36. fxg5 hxg5 37. Kg3 Re7 38. Rxb6 Bd5 39. Rd6 Bf7 40.
Kf2 1-0

[Event "EYb16, Budva YUG"]
[Site "?"]
[Date "2003.??.??"]
[Round "6"]
[White "Dimovski, Ne"]
[Black "Eisenbeiser, A."]
[Result "0-1"]
[WhiteElo "2100"]
[BlackElo "2230"]
[PlyCount "74"]
[EventDate "2003.??.??"]

1. e4 g6 2. d4 Bg7 3. Be3 d6 4. Nc3 a6 5. Bc4 b5 6. Bb3 Bb7 7. f3 Nd7 8. Nge2
e6 9. a4 b4 10. Nb1 c5 11. c3 bxc3 12. bxc3 Ne7 13. O-O O-O 14. Nd2 d5 15. e5
f6 16. f4 Nf5 17. Bf2 fxe5 18. fxe5 Bh6 19. Bc2 Ne3 20. Bxe3 Bxe3+ 21. Kh1
Rxf1+ 22. Nxf1 Bh6 23. Neg3 Qg5 24. Qe2 Qf4 25. Qf3 Qh4 26. Ne2 Rf8 27. Qg3 Qh5
28. Qd3 c4 29. Qd1 Qg5 30. a5 Bc6 31. Ba4 Bxa4 32. Qxa4 Rf2 33. Neg3 Nf8 34.
Qc6 Qf4 35. Qxa6 Rc2 36. Qc8 Qf2 37. Ne3 Bxe3 0-1

[Event "EYb16, Budva YUG"]
[Site "?"]
[Date "2003.??.??"]
[Round "6"]
[White "Nithander, V."]
[Black "Volodin, A."]
[Result "0-1"]
[WhiteElo "2225"]
[BlackElo "2310"]
[PlyCount "140"]
[EventDate "2003.??.??"]

1. e4 c5 2. Nf3 e6 3. d4 cxd4 4. Nxd4 Nf6 5. Nc3 d6 6. Bd3 Nc6 7. Be3 Be7 8.
O-O O-O 9. f4 a6 10. Qf3 Qc7 11. Nde2 Nb4 12. g4 Nxd3 13. cxd3 Rd8 14. Rac1 Qb8
15. g5 Nd7 16. d4 b5 17. f5 Rf8 18. Qh3 exf5 19. exf5 Nb6 20. Qh4 Nc4 21. Nd5
Bd8 22. Nec3 Qb7 23. f6 b4 24. fxg7 Re8 25. Qh6 Re6 26. Rf6 Bxf6 27. Nxf6+ Rxf6
28. gxf6 bxc3 29. Rxc3 Nxe3 30. Qxe3 Be6 31. b3 Rc8 32. Rxc8+ Qxc8 33. Qd2 Bd5
34. Qf4 Qe6 35. Kf2 a5 36. h4 Be4 37. Qg5 Bg6 38. Qf4 Bf5 39. Qg5 Qe4 40. Kg3
Qe6 41. Kf2 Qd5 42. Qe3 Be6 43. Qf4 Qc6 44. Kg3 Qc3+ 45. Qf3 Qc8 46. Qe3 Qa8
47. Qf3 Qa6 48. Qc3 a4 49. bxa4 Qxa4 50. Qc7 Qa8 51. a4 h5 52. Qxd6 Bg4 53. Qa3
Qb8+ 54. Kg2 Qa8+ 55. Kf2 Qd8 56. Kg2 Qa8+ 57. Kg1 Qe8 58. Qg3 Kh7 59. Qd3+ Kg8
60. Qd2 Qxa4 61. Kh2 Qc6 62. Qb4 Qc2+ 63. Kg3 Qd3+ 64. Kf2 Qf3+ 65. Kg1 Qg3+
66. Kf1 Qf4+ 67. Ke1 Qe3+ 68. Kf1 Be2+ 69. Kg2 Qf3+ 70. Kh2 Qf2+ 0-1

[Event "EYb16, Budva YUG"]
[Site "?"]
[Date "2003.??.??"]
[Round "6"]
[White "Skoberne, J."]
[Black "Rakitskij, D."]
[Result "0-1"]
[WhiteElo "2085"]
[BlackElo "2180"]
[PlyCount "84"]
[EventDate "2003.??.??"]

1. g3 e5 2. Bg2 Nc6 3. d3 d6 4. e4 g6 5. Ne2 Bg7 6. O-O Nge7 7. Nbc3 O-O 8. Be3
Nd4 9. f4 c5 10. Qd2 Rb8 11. a4 a6 12. a5 f5 13. fxe5 dxe5 14. Bg5 Qd6 15. Bxe7
Qxe7 16. Nd5 Qd6 17. Nxd4 cxd4 18. c4 dxc3 19. bxc3 Be6 20. Kh1 f4 21. gxf4
Bxd5 22. fxe5 Bxe5 23. exd5 Bxh2 24. Bh3 Bf4 25. Qg2 Kh8 26. Be6 b6 27. axb6
Rxb6 28. Qe4 Rf6 29. c4 Rb2 30. Rf3 Rh2+ 31. Kg1 Qb6+ 32. d4 Rh4 33. Rxf4 Rhxf4
34. Qe3 Rf3 35. Qe5 Qb2 36. Re1 Qf2+ 37. Kh1 Qh4+ 38. Kg2 Rf2+ 39. Kg1 R2f4 40.
Qe3 Qg5+ 41. Kh1 Rf1+ 42. Kh2 R1f2+ 0-1

[Event "EYb16, Budva YUG"]
[Site "?"]
[Date "2003.??.??"]
[Round "7"]
[White "Mikkelsen, N."]
[Black "Ris, R."]
[Result "1/2-1/2"]
[WhiteElo "2100"]
[BlackElo "2205"]
[PlyCount "98"]
[EventDate "2003.??.??"]

1. e4 c5 2. Nf3 Nc6 3. d4 cxd4 4. Nxd4 Nf6 5. Nc3 e5 6. Ndb5 d6 7. Bg5 a6 8.
Na3 b5 9. Bxf6 gxf6 10. Nd5 f5 11. Bd3 Be6 12. Qh5 Rg8 13. g3 Rg5 14. Qd1 Bxd5
15. exd5 Ne7 16. c3 Qb6 17. Nc2 Bh6 18. Be2 f4 19. Qd3 Rg7 20. a4 bxa4 21. Rxa4
Qxb2 22. O-O Rc8 23. c4 Qb6 24. Rfa1 fxg3 25. hxg3 f5 26. Rxa6 Qd8 27. Qa3 Rc5
28. Bh5+ Kf8 29. Ra8 Nc8 30. Nb4 Rb7 31. Nc6 Qc7 32. Qf3 Qd7 33. Nb8 Rxb8 34.
Rxb8 Kg7 35. Rab1 Rc7 36. Qc3 Bg5 37. Kg2 Bf6 38. Qb4 f4 39. Rb7 fxg3 40. fxg3
Ne7 41. Rxc7 Qxc7 42. Qb8 Qxc4 43. Bf3 e4 44. Bg4 Qxd5 45. Qb3 Qd2+ 46. Kh1 e3
47. Qe6 Qd3 48. Rb7 Qf1+ 49. Kh2 Qf2+ 1/2-1/2

[Event "EYb16, Budva YUG"]
[Site "?"]
[Date "2003.??.??"]
[Round "7"]
[White "Kaplan, S."]
[Black "Balogh, C."]
[Result "0-1"]
[WhiteElo "2205"]
[BlackElo "2460"]
[PlyCount "90"]
[EventDate "2003.??.??"]

1. e4 c5 2. c3 d5 3. exd5 Qxd5 4. d4 Nf6 5. Nf3 e6 6. Na3 Nc6 7. Nb5 Qd8 8.
dxc5 Bxc5 9. Qxd8+ Kxd8 10. Bf4 Ne4 11. Nbd4 Nxd4 12. Rd1 Bd7 13. cxd4 Bb4+ 14.
Nd2 Bc6 15. a3 Bxd2+ 16. Bxd2 Nxd2 17. Kxd2 Ke7 18. Ke3 Rhd8 19. Bd3 Rac8 20.
Rd2 h6 21. Rc1 f5 22. g3 g5 23. Bb1 Rf8 24. f4 Rcd8 25. Rc5 Rg8 26. h3 Bd5 27.
Rc3 Kd6 28. Rf2 h5 29. Ke2 Rg7 30. fxg5 Rxg5 31. Rf4 Bc6 32. Kf2 Ke7 33. Bc2
Kf6 34. Bd1 Be4 35. h4 Rg7 36. Bxh5 Rxd4 37. Ke3 e5 38. g4 Rd3+ 39. Rxd3 exf4+
40. Kxf4 Bxd3 41. g5+ Ke6 42. Bf3 Rc7 43. b3 Rd7 44. h5 Rd4+ 45. Ke3 Ke5 0-1

[Event "EYb16, Budva YUG"]
[Site "?"]
[Date "2003.??.??"]
[Round "7"]
[White "Magalashvili, D."]
[Black "Zinchenko, Y."]
[Result "1-0"]
[WhiteElo "2250"]
[BlackElo "2320"]
[PlyCount "61"]
[EventDate "2003.??.??"]

1. c4 e6 2. d4 d5 3. cxd5 exd5 4. Nc3 c6 5. Nf3 Bd6 6. Bg5 Ne7 7. Qc2 f6 8. Bh4
Bf5 9. Qd2 O-O 10. e3 Nd7 11. Bg3 Nc8 12. Nh4 Be6 13. Bd3 f5 14. Nf3 Qf6 15.
O-O Bxg3 16. hxg3 Nd6 17. b4 Ne4 18. Qc2 Rac8 19. Na4 b6 20. Rac1 Qh6 21. Nc3
Rf6 22. Nb5 a6 23. Na7 Rc7 24. Nxc6 Nb8 25. b5 axb5 26. Bxb5 f4 27. exf4 Bg4
28. Nfe5 Qh5 29. Nxg4 Nxc6 30. Nxf6+ Nxf6 31. f3 1-0

[Event "EYb16, Budva YUG"]
[Site "?"]
[Date "2003.??.??"]
[Round "7"]
[White "Czarnota, P."]
[Black "Romanov, E."]
[Result "1/2-1/2"]
[WhiteElo "2350"]
[BlackElo "2405"]
[PlyCount "58"]
[EventDate "2003.??.??"]

1. e4 e5 2. Nf3 Nc6 3. Bb5 a6 4. Ba4 Nf6 5. O-O Be7 6. Re1 b5 7. Bb3 d6 8. a4
Bb7 9. c3 Na5 10. Bc2 c5 11. d4 cxd4 12. cxd4 O-O 13. Nbd2 Qb8 14. d5 b4 15.
Nf1 Bc8 16. h3 Bd7 17. Ng3 Bd8 18. Nh4 g6 19. Bh6 Re8 20. Nf3 Bb6 21. Bg5 Kg7
22. Bxf6+ Kxf6 23. Qd2 Kg7 24. Qg5 Bd8 25. Nh5+ Kg8 26. Qh6 gxh5 27. Ng5 Bxg5
28. Qxg5+ Kf8 29. Re3 Qd8 1/2-1/2

[Event "EYb16, Budva YUG"]
[Site "?"]
[Date "2003.??.??"]
[Round "7"]
[White "Mamedov, Rau"]
[Black "Moranda, W."]
[Result "1-0"]
[WhiteElo "2405"]
[BlackElo "2355"]
[PlyCount "109"]
[EventDate "2003.??.??"]

1. e4 c6 2. Nf3 d5 3. exd5 cxd5 4. c4 Nf6 5. cxd5 Nxd5 6. Nc3 e6 7. Bc4 Be7 8.
O-O O-O 9. d4 Nc6 10. a3 Nxc3 11. bxc3 b6 12. Qe2 Bb7 13. Bd3 Bf6 14. Bf4 Rc8
15. Be4 Qe7 16. Nd2 g6 17. Qe3 Rfd8 18. Rfe1 Bg7 19. Qg3 Na5 20. Bxb7 Nxb7 21.
Ne4 Rd5 22. Qf3 Na5 23. Be5 Nc4 24. Bf6 Qf8 25. Bxg7 Kxg7 26. Qf6+ Kg8 27. Qh4
Qd8 28. Qf4 Kg7 29. a4 Rf5 30. Qg3 Rd5 31. Qf4 h6 32. h3 Rc6 33. Ra2 Nd6 34. f3
Ne8 35. Qe3 Nc7 36. Nf2 h5 37. Raa1 Rf5 38. Rac1 Ra5 39. Nd3 Nd5 40. Qd2 Rxa4
41. Ne5 Rc8 42. c4 Ne7 43. Qb2 f6 44. Nd3 Nf5 45. d5 e5 46. f4 Raxc4 47. fxe5
Rxc1 48. Nxc1 Qxd5 49. exf6+ Kf7 50. Ne2 Qc5+ 51. Kh2 Qf2 52. Rd1 Rc7 53. Rd8
Qc5 54. Nf4 Qe3 55. Qa2+ 1-0

[Event "EYb16, Budva YUG"]
[Site "?"]
[Date "2003.??.??"]
[Round "7"]
[White "Lenic, L."]
[Black "Kuzmicz, K."]
[Result "0-1"]
[WhiteElo "2385"]
[BlackElo "2310"]
[PlyCount "44"]
[EventDate "2003.??.??"]

1. c4 g6 2. Nc3 Bg7 3. g3 e5 4. Bg2 d6 5. e3 f5 6. d3 Nf6 7. Nge2 O-O 8. O-O c6
9. b4 Be6 10. b5 d5 11. bxc6 Nxc6 12. cxd5 Nxd5 13. Qb3 e4 14. Bb2 Na5 15. Qa3
exd3 16. Nd4 Bxd4 17. exd4 Nc4 18. Qb3 Rc8 19. Qxb7 Rf7 20. Qa6 Nc7 21. Qb7 Rb8
22. Qc6 Rb6 0-1

[Event "EYb16, Budva YUG"]
[Site "?"]
[Date "2003.??.??"]
[Round "7"]
[White "Ponkratov, P."]
[Black "Pokazanjev, N."]
[Result "1/2-1/2"]
[WhiteElo "2295"]
[BlackElo "2380"]
[PlyCount "53"]
[EventDate "2003.??.??"]

1. e4 e5 2. Nf3 Nc6 3. Bc4 Nf6 4. d3 h6 5. c3 d6 6. h3 a6 7. Bb3 Be7 8. Nbd2
O-O 9. O-O Nh7 10. d4 Ng5 11. Bd5 exd4 12. cxd4 Nb4 13. Bb3 Bd7 14. Nxg5 hxg5
15. Qh5 Bb5 16. Re1 d5 17. Nf3 dxe4 18. Nxg5 Bxg5 19. Bxg5 Qd6 20. Qg4 Bd3 21.
Bf4 Qxd4 22. Rac1 Nc6 23. Bd2 Qf6 24. Bc3 Qh6 25. Qd7 Qd6 26. Qg4 Qh6 27. Qd7
1/2-1/2

[Event "EYb16, Budva YUG"]
[Site "?"]
[Date "2003.??.??"]
[Round "7"]
[White "Papin, V."]
[Black "Jurcik, Mari"]
[Result "1-0"]
[WhiteElo "2370"]
[BlackElo "2160"]
[PlyCount "81"]
[EventDate "2003.??.??"]

1. e4 c5 2. Nf3 e6 3. c3 Nf6 4. e5 Nd5 5. Bc4 d6 6. d4 Nc6 7. O-O dxe5 8. dxe5
Be7 9. Qe2 O-O 10. Qe4 b6 11. Rd1 Bb7 12. Bd3 g6 13. Qe2 Qc7 14. a3 Na5 15. Bh6
c4 16. Bc2 Rfd8 17. Nbd2 Rd7 18. h4 b5 19. h5 Rad8 20. Nd4 Nc6 21. N2f3 Nxd4
22. Nxd4 Bc5 23. hxg6 hxg6 24. Nf3 Ne7 25. Rxd7 Qxd7 26. Bg5 Re8 27. Rd1 Nd5
28. Qe4 Be7 29. Qh4 Qc7 30. Bxe7 Nxe7 31. Ng5 Nf5 32. Qh7+ Kf8 33. Qh8+ Ke7 34.
Qf6+ Kf8 35. Nxe6+ Rxe6 36. Rd8+ Qxd8 37. Qxd8+ Re8 38. Qc7 Re7 39. Qc5 Nh4 40.
f3 a6 41. Qd6 1-0